000
00367nam a2200145Ia 4500
008
191206s9999 xx 000 0 und d
020
_a
0385235518 :
090
_a
PR6057.O75
245
0
_a
Wychford murders
260
_a
Published for the Crime Club by Doubleday
260
_b
Crime club
260
_c
c1986
300
_a
186 p. ; 22 cm.
999
_c
17342
_d
17342